Statistics for Political Geography: Italian Colonies

Click here to take the quiz!

General Stats

  • This quiz has been taken 33 times
  • The average score is 11 of 14

Answer Stats

Colonial TerritoryPresent-day Sovereign State% Correct
Italian Protectorate over Albania (1917-1920)AAlbania
97%
EEthiopia
94%
Africa orientale italiana (Italian East Africa) (1936-1941)EEritrea
91%
Saint-Christophe (1651-1665)FFrance (Saint-Barthélemy, Saint-Martin)
91%
Africa settentrionale italiana (Italian North Africa) (1934-1943)LLibya
91%
SSomalia
91%
Cirenaica italiana (Italian Cyrenaica) (1911-1934)LLibya
88%
Tripolitania italiana (Italian Tripolitania) (1911-1934)LLibya
88%
GGreece
81%
Isole italiane dell’Egeo (Italian Islands of the Aegean) (1912-1945)GGreece (Dodecanese Islands)
81%
NNetherlands (Sint Maarten)
72%
UUnited States (Saint Croix)
66%
NNorth Macedonia
63%
SSaint Kitts and Nevis
50%

Score Distribution

Percentile by Number Answered

Percent of People with Each Score

Your Score History

You have not taken this quiz